[Event "Prague International Open"]
[Site "Prague CZE"]
[Date "2022.06.10"]
[Round "1.1"]
[White "Boulahfa, Hicham"]
[Black "Motylev, Alexander"]
[Result "0-1"]
[BlackTitle "GM"]
[WhiteElo "2098"]
[BlackElo "2619"]
[WhiteFideId "1024663"]
[BlackFideId "4121830"]
[EventDate "2022.06.10"]

1. e4 c5 2. Nc3 a6 3. a4 Nc6 4. g3 g6 5. Bg2 Bg7 6. Nge2 e6 7. d3 Nge7 8. Be3
Nd4 9. Qd2 d6 10. O-O Bd7 11. Nc1 O-O 12. Nd1 b5 13. c3 Ndc6 14. axb5 axb5 15.
Rxa8 Qxa8 16. Bh6 Bxh6 17. Qxh6 Qa1 18. Ne2 b4 19. Qf4 Ne5 20. d4 Bb5 21. Ne3
Qxb2 22. dxe5 dxe5 23. Qf6 Bxe2 24. Qxe7 Qxc3 25. Rb1 b3 26. Bf1 Bxf1 27. Rxf1
b2 28. Qb7 Qc1 29. Qb3 Kg7 30. Qd1 Qxd1 31. Rxd1 Ra8 32. Nc4 Rb8 33. Rb1 Rb4 34.
Nxe5 c4 35. Nxc4 Rxc4 36. Rxb2 Rxe4 37. h4 h6 38. Kg2 Ra4 39. Kf3 Kf6 40. Rb3
Ra5 41. Rb7 Ra3+ 42. Kg2 Ra6 43. Kf3 e5 44. Rc7 h5 45. Rb7 Ke6 46. Rc7 Ra3+ 47.
Kg2 Rd3 48. Ra7 e4 49. Ra6+ Ke5 50. Ra5+ Rd5 51. Ra7 f6 52. Ra6 Kf5 53. Rb6 Ra5
54. Rb4 Ke5 55. Rb6 Rd5 56. Ra6 Rb5 57. Ra4 Rb6 58. Ra5+ Ke6 59. Ra4 f5 60. Ra5
Kd6 61. Ra8 Ke5 62. Ra5+ Kf6 63. Ra8 Re6 64. Rb8 Ra6 65. Rf8+ Kg7 66. Rb8 Ra7
67. Rb6 Kf7 68. Rb8 Re7 69. Ra8 Kf6 70. Ra6+ Re6 71. Ra8 Re7 72. Ra6+ Kg7 73.
Ra8 Rf7 74. Ra4 Kh6 75. Rb4 Rf6 76. Ra4 g5 77. hxg5+ Kxg5 78. Ra8 Rb6 79. Rc8
Rg6 80. Rc5 h4 81. gxh4+ Kxh4+ 82. Kf1 Kg4 83. Ra5 Rd6 84. Ke2 Rb6 85. Ra8 Rb2+
86. Ke3 f4+ 87. Kxe4 Re2+ 88. Kd3 Rxf2 89. Rf8 Rh2 90. Rf7 f3 91. Rg7+ Kf4 92.
Rf7+ Kg3 93. Rg7+ Kf2 94. Rf7 Rh8 95. Ke4 Ke2 0-1

[Event "Prague International Open"]
[Site "Prague CZE"]
[Date "2022.06.10"]
[Round "1.2"]
[White "Wagner, Dennis"]
[Black "Bazilius, Augustinas"]
[Result "1-0"]
[WhiteTitle "GM"]
[WhiteElo "2584"]
[BlackElo "2097"]
[WhiteFideId "24650684"]
[BlackFideId "12832251"]
[EventDate "2022.06.10"]

1. e4 c5 2. Nf3 a6 3. c3 d5 4. exd5 Qxd5 5. d4 Nf6 6. Be3 cxd4 7. cxd4 Bg4 8.
Nc3 Qd6 9. Qb3 b5 10. Rc1 Nbd7 11. Bxb5 Rb8 12. Ne5 Be6 13. Qc2 Qc7 14. Ba4 g6
15. Bf4 1-0

[Event "Prague International Open"]
[Site "Prague CZE"]
[Date "2022.06.10"]
[Round "1.3"]
[White "Ruzicka, Ales"]
[Black "Huzman, Alexander"]
[Result "0-1"]
[BlackTitle "GM"]
[WhiteElo "2097"]
[BlackElo "2539"]
[WhiteFideId "325252"]
[BlackFideId "2803828"]
[EventDate "2022.06.10"]

1. e4 c6 2. d4 d5 3. Nc3 dxe4 4. Nxe4 Bf5 5. Ng3 Bg6 6. h4 h6 7. Nf3 Nd7 8. Bd3
Bxd3 9. Qxd3 Ngf6 10. Bd2 e6 11. O-O-O Qc7 12. Rhe1 O-O-O 13. Ne4 c5 14. Bc3 c4
15. Qd2 Nxe4 16. Rxe4 Nf6 17. Ree1 Bd6 18. Kb1 Nd5 19. g3 Kb8 20. Ne5 Ka8 21. a4
Rhe8 22. Ng4 Qc6 23. Ne3 Qxa4 24. Nxd5 exd5 25. Rxe8 Rxe8 26. Re1 Qd7 27. Bb4
Bc7 28. Qd1 Rxe1 29. Qxe1 h5 30. Qe2 g6 31. Qf3 Qe6 32. Bd2 Bd6 33. Ka2 b5 34.
c3 Kb7 35. Bg5 Kc6 36. Be3 a5 37. b3 Qe4 38. Qxe4 dxe4 39. bxc4 bxc4 40. Bf4 Be7
41. Bc1 f6 42. Bd2 g5 43. Bc1 gxh4 44. gxh4 f5 45. Bg5 Bd6 46. Bd2 f4 47. Kb2
Kd5 0-1

[Event "Prague International Open"]
[Site "Prague CZE"]
[Date "2022.06.10"]
[Round "1.4"]
[White "Stefansson, Hannes"]
[Black "Devnani, Kush"]
[Result "1-0"]
[WhiteTitle "GM"]
[WhiteElo "2532"]
[BlackElo "2086"]
[WhiteFideId "2300087"]
[BlackFideId "45093806"]
[EventDate "2022.06.10"]

1. e4 c5 2. Nf3 d6 3. Bb5+ Nd7 4. Ba4 Nf6 5. O-O e5 6. c3 Be7 7. d4 O-O 8. Re1
cxd4 9. cxd4 a6 10. Nc3 b5 11. Bc2 Bb7 12. a3 Re8 13. h3 Bf8 14. Bg5 h6 15. Be3
exd4 16. Bxd4 Nc5 17. Nd2 Rc8 18. Qf3 Ne6 19. Bxf6 Qxf6 20. Qxf6 gxf6 21. Rad1
a5 22. Bb3 b4 23. axb4 axb4 24. Nd5 Bxd5 25. Bxd5 Nf4 26. Bc4 Re5 27. g3 Ne6 28.
Bd5 Nc7 29. Nc4 Ree8 30. Bc6 Re7 31. Nxd6 Rb8 32. Nf5 Re5 33. Rd7 Nb5 34. Bd5
Kh8 35. Rxf7 Rbe8 36. Rc1 1-0

[Event "Prague International Open"]
[Site "Prague CZE"]
[Date "2022.06.10"]
[Round "1.5"]
[White "Giacomini, Hector"]
[Black "Iniyan, P"]
[Result "0-1"]
[BlackTitle "GM"]
[WhiteElo "2084"]
[BlackElo "2518"]
[WhiteFideId "605352"]
[BlackFideId "25002767"]
[EventDate "2022.06.10"]

1. Nf3 Nf6 2. e3 g6 3. d4 Bg7 4. c4 O-O 5. Be2 c5 6. dxc5 Qa5+ 7. Bd2 Qxc5 8.
Nc3 e6 9. O-O Rd8 10. b4 Qe7 11. Rc1 d5 12. Qb3 dxc4 13. Bxc4 Nc6 14. a3 g5 15.
Rfd1 g4 16. Ng5 a5 17. Nce4 Nd5 18. Be1 a4 19. Qa2 h6 20. Bxd5 exd5 21. Rxd5
hxg5 22. Nxg5 Be6 23. Nxe6 Qxe6 24. Rxd8+ Rxd8 25. Qxe6 fxe6 26. Kf1 Bb2 27. Rc4
Ne5 28. Rc2 Bxa3 29. Bc3 Rc8 0-1

[Event "Prague International Open"]
[Site "Prague CZE"]
[Date "2022.06.10"]
[Round "1.6"]
[White "Omelja, Artem"]
[Black "Shatil, Shir"]
[Result "1/2-1/2"]
[WhiteTitle "GM"]
[WhiteElo "2515"]
[BlackElo "2079"]
[WhiteFideId "14119846"]
[BlackFideId "2828278"]
[EventDate "2022.06.10"]

1. d4 e6 2. c4 Nf6 3. Nc3 Bb4 4. e3 c5 5. Bd3 O-O 6. Nf3 Bxc3+ 7. bxc3 d6 8. O-O
Nc6 9. Nd2 e5 10. d5 Ne7 11. Qc2 g6 12. f4 exf4 13. Rxf4 Ng4 14. e4 g5 15. Rf3
Ng6 16. h3 N4e5 17. Rf2 g4 18. hxg4 Nxg4 19. Rf3 N6e5 20. Rg3 Qh4 21. Nf1 Kh8
22. Bf4 Rg8 23. Be2 Rg6 24. Bxg4 Nxg4 25. Rf3 Bd7 26. Bg3 Qe7 27. Re1 f6 28. Re2
Rag8 29. Qd2 R8g7 30. Qd3 Rg8 31. Bf4 Qg7 32. Qd2 Qe7 33. Ng3 Ne5 34. Bxe5 fxe5
35. Nf5 Qf6 36. Ref2 Bxf5 37. Rxf5 Qh4 38. Qe3 Rh6 39. Kf1 Rhg6 40. Kg1 Rh6 41.
Kf1 Rhg6 42. Kg1 1/2-1/2

[Event "Prague International Open"]
[Site "Prague CZE"]
[Date "2022.06.10"]
[Round "1.7"]
[White "Muzik, Martin"]
[Black "Alsina Leal, Daniel"]
[Result "0-1"]
[WhiteTitle "FM"]
[BlackTitle "GM"]
[WhiteElo "2074"]
[BlackElo "2514"]
[WhiteFideId "306355"]
[BlackFideId "2252627"]
[EventDate "2022.06.10"]

1. e4 c6 2. d4 d5 3. exd5 cxd5 4. c3 Nf6 5. Bd3 Bg4 6. Nf3 Qc7 7. Qa4+ Bd7 8.
Qc2 Nc6 9. Bg5 Bg4 10. Nbd2 e6 11. Bh4 Nh5 12. Bg3 Nf4 13. O-O Bd6 14. Rfe1
O-O-O 15. Re3 h5 16. Ne5 Nxe5 17. Bxf4 Nc4 18. Bxd6 Nxe3 19. fxe3 Rxd6 20. h3
Bf5 21. Bxf5 exf5 22. Qxf5+ Qd7 23. Qd3 Re8 24. Rf1 Qe7 25. Rf3 Rf6 26. Rxf6
Qxf6 27. Nf3 Qe6 28. Kf2 Qe4 29. Qxe4 dxe4 30. Ne5 f6 31. Ng6 Re6 32. Kg3 Ra6
33. a3 Rb6 34. b4 Ra6 35. Kf4 Rxa3 36. c4 Ra4 37. Kxe4 Rxb4 38. Kd3 Rb3+ 39. Ke4
a5 0-1

[Event "Prague International Open"]
[Site "Prague CZE"]
[Date "2022.06.10"]
[Round "1.8"]
[White "Santiago, Yago De Moura"]
[Black "Mlynek, Petr"]
[Result "1-0"]
[WhiteTitle "GM"]
[WhiteElo "2509"]
[BlackElo "2073"]
[WhiteFideId "2103877"]
[BlackFideId "307670"]
[EventDate "2022.06.10"]

1. d4 d5 2. c4 c6 3. Nf3 e6 4. e3 Nf6 5. Nc3 Nbd7 6. Bd3 dxc4 7. Bxc4 b5 8. Bb3
a6 9. a4 Bb7 10. O-O b4 11. Ne2 c5 12. Nf4 Bd6 13. Ng5 Bxf4 14. exf4 O-O 15. Be3
Rc8 16. Rc1 cxd4 17. Qxd4 Bd5 18. Bxd5 Nxd5 19. Qd3 N7f6 20. Qxa6 Nxe3 21. Rxc8
Qxc8 22. Qxc8 Rxc8 23. fxe3 Rc2 24. Rb1 Nd5 25. a5 Nxe3 26. a6 Rc7 27. Ne4 Kf8
28. Nd6 Nd5 29. Ra1 Ra7 30. Nb5 Ra8 31. a7 Ke7 32. g3 Kd7 33. Rc1 f6 34. Kf2 g5
35. Kf3 gxf4 36. gxf4 Rg8 37. Ke4 h5 38. h3 f5+ 39. Ke5 Ra8 40. h4 Ke7 41. Rc6 1-0

[Event "Prague International Open"]
[Site "Prague CZE"]
[Date "2022.06.11"]
[Round "2.1"]
[White "Motylev, Alexander"]
[Black "Mannion, Stephen R"]
[Result "1-0"]
[WhiteTitle "GM"]
[BlackTitle "IM"]
[WhiteElo "2619"]
[BlackElo "2247"]
[WhiteFideId "4121830"]
[BlackFideId "2400111"]
[EventDate "2022.06.10"]

1. e4 e5 2. Nf3 Nc6 3. Bb5 a6 4. Ba4 Nf6 5. O-O Be7 6. Re1 b5 7. Bb3 d6 8. c3
O-O 9. h3 Bb7 10. d4 Nd7 11. Nbd2 exd4 12. cxd4 Bf6 13. Nf1 Na5 14. Bc2 Re8 15.
Ng3 g6 16. Bh6 c5 17. e5 dxe5 18. dxc5 Qc7 19. b4 Nc4 20. Nh2 a5 21. Ng4 Bh8 22.
Ne4 Ra6 23. a4 axb4 24. axb5 Rxa1 25. Qxa1 Bxe4 26. Bxe4 Nxc5 27. Bc6 Rb8 28.
Qc1 Nd3 29. Qxc4 Nxe1 30. Bd2 b3 31. Qxb3 h5 32. Ne3 Nxg2 33. Kxg2 Bg7 34. Nd5
Qd6 35. Bb4 Qd8 36. Be7 Qa5 37. Bd6 1-0

[Event "Prague International Open"]
[Site "Prague CZE"]
[Date "2022.06.11"]
[Round "2.2"]
[White "Walek, Petr"]
[Black "Wagner, Dennis"]
[Result "1/2-1/2"]
[BlackTitle "GM"]
[WhiteElo "2248"]
[BlackElo "2584"]
[WhiteFideId "339393"]
[BlackFideId "24650684"]
[EventDate "2022.06.10"]

1. e4 e5 2. Nf3 Nc6 3. Bb5 a6 4. Ba4 Nf6 5. O-O Be7 6. Re1 b5 7. Bb3 O-O 8. a4
b4 9. d4 d6 10. dxe5 Nxe5 11. Nxe5 dxe5 12. Qe2 Bb7 13. f3 Nh5 14. Be3 Nf4 15.
Qf1 a5 16. Bc4 Bd6 17. Nd2 Kh8 18. Nb3 Qe7 19. Rad1 g5 20. g3 Rg8 21. Kh1 Ne6
22. Bd5 c6 23. Bc4 Bc8 24. Rd2 Bc7 25. Red1 Rg6 26. Qf2 Kg7 27. Bb6 h5 28. Bxc7
Nxc7 29. Nc5 Ne6 30. Nd7 Nf8 31. Nb6 Rb8 32. Rd8 Qc7 33. Qc5 Nh7 34. Nxc8 Rxc8
35. R8d7 Qb8 36. Rxf7+ Kh6 37. Qe7 Rh8 38. Rd7 Qg8 39. Rf6 Nxf6 40. Bxg8 Nxd7
41. Be6 Rg7 42. Qd6 Nf8 43. Bf5+ Ng6 44. Qxc6 Rd8 45. Qf6 Rf8 46. Qb6 Ra8 47. c4
bxc3 48. bxc3 Raa7 49. h4 gxh4 50. gxh4 Rab7 51. Qf6 Kh7 52. c4 Rb1+ 53. Kh2
Rb2+ 54. Kh3 Rb3 55. Kg3 Rb1 56. Kf2 Rb2+ 57. Kf1 Rb1+ 58. Kf2 Rb2+ 59. Ke3 Rb3+
60. Ke2 Rb2+ 61. Ke3 Rb3+ 62. Kd2 Rb2+ 63. Kc3 Rf2 64. c5 Rxf3+ 65. Kc4 Ra3 66.
Kb5 Rb3+ 67. Ka6 Rb1 68. c6 Rg8 69. Qf7+ Kh8 70. Bxg6 Rxg6 71. Qxg6 Rb6+ 72. Ka7
Rb7+ 73. cxb7 1/2-1/2

[Event "Prague International Open"]
[Site "Prague CZE"]
[Date "2022.06.11"]
[Round "2.3"]
[White "Huzman, Alexander"]
[Black "Lindbol, Aleksander"]
[Result "1-0"]
[WhiteTitle "GM"]
[WhiteElo "2539"]
[BlackElo "2245"]
[WhiteFideId "2803828"]
[BlackFideId "1520644"]
[EventDate "2022.06.10"]

1. c4 e6 2. g3 Nf6 3. Bg2 d5 4. d4 Be7 5. Nf3 dxc4 6. Qa4+ c6 7. Qxc4 b5 8. Qc2
Bb7 9. Nbd2 Nbd7 10. Nb3 O-O 11. O-O Qb6 12. Be3 Nd5 13. Bg5 f6 14. Bd2 c5 15.
dxc5 Bxc5 16. Nxc5 Qxc5 17. Qxc5 Nxc5 18. Nd4 Nb6 19. Bxb7 Nxb7 20. Nxe6 Rfc8
21. b3 Nd6 22. Rfd1 Ne4 23. Nd4 a6 24. Ba5 Nd5 25. Nf5 Nec3 26. e4 Nxd1 27. exd5
Nc3 28. d6 Ra7 29. Kg2 g6 30. Ne7+ Rxe7 31. dxe7 Nd5 32. Rd1 Nxe7 33. Rd7 Nc6
34. Bc3 Nb8 35. Rb7 Rxc3 36. Rxb8+ Kg7 37. Rb6 Rc2 38. Rxa6 g5 39. g4 Kg6 40. h3
h6 41. b4 Rb2 42. a3 Rb3 43. f3 Kf7 44. Kf2 Ke7 45. Ra5 f5 46. Rxb5 fxg4 47.
hxg4 Rxa3 48. Rf5 Rb3 49. b5 Ke6 50. Ke2 Rb4 51. Kd3 h5 52. Rxg5 hxg4 53. fxg4
Kf6 54. Kc3 Rb1 55. Rf5+ Ke6 56. Kc4 Rg1 57. Rg5 Kf6 58. Rd5 Rxg4+ 59. Kc5 Ke6
60. b6 Rg1 61. Rd2 Rb1 62. Kc6 Rc1+ 63. Kb7 Ke7 64. Kb8 1-0

[Event "Prague International Open"]
[Site "Prague CZE"]
[Date "2022.06.11"]
[Round "2.4"]
[White "Adarsh, Tripathi"]
[Black "Stefansson, Hannes"]
[Result "0-1"]
[BlackTitle "GM"]
[WhiteElo "2247"]
[BlackElo "2532"]
[WhiteFideId "35061984"]
[BlackFideId "2300087"]
[EventDate "2022.06.10"]

1. e4 c5 2. Nf3 e6 3. d4 cxd4 4. Nxd4 a6 5. Bd3 g6 6. O-O Bg7 7. c3 Ne7 8. a4
Nbc6 9. Be3 O-O 10. Be2 Qc7 11. f4 d6 12. Nxc6 bxc6 13. Bd4 Rb8 14. Bxg7 Kxg7
15. Na3 Qa7+ 16. Kh1 d5 17. exd5 cxd5 18. b4 d4 19. b5 dxc3 20. Qc1 Nd5 21. Bc4
Qc5 22. Rf3 axb5 23. Bxd5 b4 24. Be4 f5 25. Bc2 Bb7 26. Qe3 Rfc8 27. Qxc5 Rxc5
28. Rff1 bxa3 29. Rfb1 Rcc8 30. Rxa3 Be4 31. Bxe4 fxe4 32. Rc1 c2 33. Raa1 Rb2
34. Kg1 Rcb8 0-1

[Event "Prague International Open"]
[Site "Prague CZE"]
[Date "2022.06.11"]
[Round "2.5"]
[White "Iniyan, P"]
[Black "Knudsen, Simon"]
[Result "1-0"]
[WhiteTitle "GM"]
[WhiteElo "2518"]
[BlackElo "2242"]
[WhiteFideId "25002767"]
[BlackFideId "12985546"]
[EventDate "2022.06.10"]

1. d4 Nf6 2. c4 g6 3. Nc3 d5 4. cxd5 Nxd5 5. e4 Nxc3 6. bxc3 Bg7 7. Qa4+ Nd7 8.
Nf3 O-O 9. Be2 c5 10. O-O cxd4 11. cxd4 Nc5 12. dxc5 Bxa1 13. e5 f6 14. Bh6 Bxe5
15. Nxe5 fxe5 16. Rd1 Qe8 17. Qb3+ Rf7 18. Bb5 Be6 19. Qb2 Qb8 20. Re1 Qc7 21.
Rxe5 Bxa2 22. f4 Qa5 23. Bd7 Bd5 24. h4 Qxc5+ 25. Kh2 Qd6 26. Bh3 a5 27. Qd2 Bc6
28. Qa2 a4 29. Be6 Be8 30. Qa1 Bd7 31. Ra5 Qxe6 32. Rxa8+ Bc8 33. Qc3 1-0

[Event "Prague International Open"]
[Site "Prague CZE"]
[Date "2022.06.11"]
[Round "2.6"]
[White "Alsina Leal, Daniel"]
[Black "Weber, Samuel"]
[Result "1-0"]
[WhiteTitle "GM"]
[BlackTitle "FM"]
[WhiteElo "2514"]
[BlackElo "2238"]
[WhiteFideId "2252627"]
[BlackFideId "12924008"]
[EventDate "2022.06.10"]

1. e4 c5 2. Nf3 d6 3. d4 cxd4 4. Nxd4 Nf6 5. Nc3 g6 6. Be3 Bg7 7. f3 a6 8. Qd2
h5 9. Be2 Nbd7 10. O-O O-O 11. Kh1 Qc7 12. a4 Ne5 13. b3 e6 14. f4 Neg4 15. Bxg4
Nxg4 16. Bg1 Bd7 17. h3 Nf6 18. Rf3 Rac8 19. f5 e5 20. Nde2 Bc6 21. fxg6 fxg6
22. Qe3 d5 23. exd5 Nxd5 24. Rxf8+ Rxf8 25. Nxd5 Bxd5 26. c4 Bc6 27. Nc3 Qf7 28.
Rd1 Qf5 29. Nd5 Rf7 30. Bh2 Rd7 31. Qe2 Qe6 32. Qe4 Qf5 33. Qe2 Qe6 34. Bg1 Kh7
35. Qe4 Qf5 36. Qe2 Qe6 37. Qd2 Bh6 38. Qd3 e4 39. Qd4 e3 40. Nf6+ Qxf6 41. Qxf6
Rxd1 42. Qe7+ Kh8 43. b4 Bxa4 44. Qf6+ Kh7 45. Kh2 Bg7 46. Qe7 Bc6 47. Bxe3 Re1
48. g4 Re2+ 49. Kg3 hxg4 50. hxg4 Rg2+ 51. Kf4 Re2 52. Qh4+ Kg8 53. Qd8+ Kh7 54.
Qd3 Re1 55. b5 axb5 56. cxb5 Be8 57. Kf3 Ra1 58. Qe2 Rb1 59. Qh2+ Kg8 60. Qb8
Rf1+ 61. Kg2 Rf8 62. Qxb7 Bf7 63. b6 Be5 64. Qd7 Re8 65. Bd4 Bxd4 66. Qxd4 Re7
67. Qd8+ Re8 68. Qd7 Kf8 69. Kf2 Be6 70. Qxe8+ 1-0

[Event "Prague International Open"]
[Site "Prague CZE"]
[Date "2022.06.11"]
[Round "2.7"]
[White "Docekal, Jan"]
[Black "Santiago, Yago De Moura"]
[Result "0-1"]
[BlackTitle "GM"]
[WhiteElo "2244"]
[BlackElo "2509"]
[WhiteFideId "320625"]
[BlackFideId "2103877"]
[EventDate "2022.06.10"]

1. e4 c6 2. d4 d5 3. exd5 cxd5 4. c4 Nf6 5. Nc3 e6 6. c5 Be7 7. Nf3 b6 8. b4 O-O
9. Bd3 a5 10. Na4 Nbd7 11. a3 axb4 12. axb4 bxc5 13. bxc5 e5 14. Nxe5 Nxe5 15.
dxe5 Ne4 16. O-O Nxc5 17. Bc2 d4 18. Bb2 Ba6 19. Re1 d3 20. Nxc5 Bxc5 21. Bb3
Qb6 22. Re4 Rfb8 23. Bd5 Qxb2 24. e6 Ra7 25. exf7+ Kf8 26. Rb1 Qxf2+ 27. Kh1 Rd8
28. Qh5 Rxf7 29. Bxf7 Bb7 30. Qg5 Bxe4 31. Qxd8+ Kxf7 32. Qd7+ Be7 33. Qg4 Qf5
34. Qd1 h5 35. Qg1 Bc5 36. Qe1 d2 0-1

[Event "Prague International Open"]
[Site "Prague CZE"]
[Date "2022.06.11"]
[Round "2.8"]
[White "Sankalp, Gupta"]
[Black "Ludvik, Tomas"]
[Result "1-0"]
[WhiteTitle "GM"]
[BlackTitle "FM"]
[WhiteElo "2505"]
[BlackElo "2233"]
[WhiteFideId "5097010"]
[BlackFideId "367664"]
[EventDate "2022.06.10"]

1. e4 e6 2. d4 d5 3. Nd2 a6 4. Bd3 c5 5. dxc5 Bxc5 6. exd5 exd5 7. Nb3 Bb6 8.
Nf3 Qe7+ 9. Qe2 Nc6 10. Bf4 Qxe2+ 11. Bxe2 Bg4 12. h3 Bh5 13. O-O-O O-O-O 14. g4
Bg6 15. Nfd4 Nxd4 16. Nxd4 Nf6 17. g5 Nd7 18. h4 Rhe8 19. Rh3 Ne5 20. Rc3+ Kb8
21. h5 Bxd4 22. Rxd4 Bf5 23. Re3 f6 24. h6 Ka7 25. hxg7 Nc6 26. Rxd5 fxg5 27.
Rxe8 Rxe8 28. Be3+ 1-0

[Event "Prague International Open"]
[Site "Prague CZE"]
[Date "2022.06.11"]
[Round "2.9"]
[White "Frederic, Clement"]
[Black "Stremavicius, Titas"]
[Result "0-1"]
[BlackTitle "GM"]
[WhiteElo "2229"]
[BlackElo "2495"]
[WhiteFideId "637319"]
[BlackFideId "12804444"]
[EventDate "2022.06.10"]

1. e4 c5 2. Nf3 Nc6 3. Bb5 e5 4. O-O Bd6 5. c3 a6 6. Ba4 b5 7. Bc2 Nge7 8. d4
cxd4 9. cxd4 Nxd4 10. Nxd4 exd4 11. Qxd4 Qc7 12. Qxg7 Bxh2+ 13. Kh1 Be5 14. Qg5
Rg8 15. Qd2 Bb7 16. Nc3 O-O-O 17. Nd5 Nxd5 18. exd5 Rg4 19. Bf5 Qc4 20. Qd3 Qxd3
21. Bxd3 Bxd5 0-1

[Event "Prague International Open"]
[Site "Prague CZE"]
[Date "2022.06.11"]
[Round "2.10"]
[White "Garriga Cazorla, Pere"]
[Black "Kratochvil, Vit1"]
[Result "1-0"]
[WhiteTitle "IM"]
[WhiteElo "2495"]
[BlackElo "2220"]
[WhiteFideId "32011601"]
[BlackFideId "333808"]
[EventDate "2022.06.10"]

1. d4 Nf6 2. c4 e6 3. Nc3 Bb4 4. Nf3 b6 5. e3 Bb7 6. Bd3 O-O 7. O-O c5 8. Na4
cxd4 9. exd4 Be7 10. a3 Bxf3 11. Qxf3 Nc6 12. Be3 d5 13. Rac1 dxc4 14. Rxc4 Na5
15. Rc2 Qd5 16. b4 Qd7 17. Nc3 Nc6 18. Ne2 Ne5 19. dxe5 Qxd3 20. exf6 Qxc2 21.
fxe7 Rfe8 22. Nd4 Qc7 23. Nc6 Rac8 24. b5 a6 25. a4 axb5 26. axb5 f6 27. Rd1 Ra8
28. Qe4 e5 29. Qd5+ Kh8 30. Nd8 Rc8 31. Nf7+ Kg8 32. Nh6+ Kh8 33. Qg8+ Rxg8 34.
Nf7# 1-0

[Event "Prague International Open"]
[Site "Prague CZE"]
[Date "2022.06.11"]
[Round "2.11"]
[White "Bujnoch, Radek"]
[Black "Petr, Martin"]
[Result "1/2-1/2"]
[WhiteTitle "CM"]
[BlackTitle "GM"]
[WhiteElo "2218"]
[BlackElo "2488"]
[WhiteFideId "313300"]
[BlackFideId "318299"]
[EventDate "2022.06.10"]

1. d4 d5 2. c4 e6 3. Nf3 c6 4. e3 Nf6 5. Nc3 Nbd7 6. Be2 dxc4 7. a4 Bd6 8. Nd2
O-O 9. Nxc4 Bc7 10. b3 e5 11. Ba3 Re8 12. O-O exd4 13. Qxd4 Nb6 14. Nd6 Re6 15.
Rad1 Nbd5 16. Nxd5 cxd5 17. Nxc8 Rxc8 18. Bf3 Be5 19. Qxa7 Ra8 20. Qc5 Nd7 21.
Qxd5 Bxh2+ 22. Kh1 Rh6 23. Bg4 Qb8 24. Bh3 Nf6 25. Qd4 Be5 26. Bd6 Bxd6 27. Qxd6
Ne4 28. Qxb8+ Rxb8 29. Rd4 Nc5 30. Rfd1 Kf8 31. Rb4 Ke7 32. Rd5 Rc6 33. Rb5 b6
34. a5 Na6 35. Rd7+ Kf8 36. Ra7 bxa5 37. Rxb8+ Nxb8 38. Rxa5 Rb6 39. Ra3 Na6 40.
Bf5 Nb4 41. g4 Ke7 42. Kg2 Kf6 43. f4 h5 44. Ra5 hxg4 45. Bxg4 Nc2 46. Rf5+ Ke7
47. Re5+ Kf6 48. Rf5+ Ke7 49. Re5+ 1/2-1/2

[Event "Prague International Open"]
[Site "Prague CZE"]
[Date "2022.06.11"]
[Round "2.12"]
[White "Popovic, Dusan"]
[Black "Cherniack, Alex"]
[Result "1/2-1/2"]
[WhiteTitle "GM"]
[WhiteElo "2484"]
[BlackElo "2214"]
[WhiteFideId "927031"]
[BlackFideId "2007606"]
[EventDate "2022.06.10"]

1. Nf3 b6 2. e4 Bb7 3. Nc3 Nf6 4. e5 Nd5 5. Bc4 Nxc3 6. dxc3 e6 7. Qe2 Be7 8. h4
h6 9. Bf4 d5 10. exd6 Bxd6 11. Ne5 Qf6 12. Bg3 O-O 13. O-O-O Rd8 14. Ng4 Qe7 15.
Bxd6 Rxd6 16. Rxd6 cxd6 17. f4 Nd7 18. Qf2 Nf6 19. Nxf6+ Qxf6 20. Rf1 Rc8 21.
Bd3 e5 22. g3 exf4 23. Qxf4 Qxf4+ 24. Rxf4 Kf8 25. Ra4 Ra8 26. Bf5 Ke7 27. Rc4
Bd5 28. Rc7+ Kf6 29. Bc8 a5 30. a3 Rb8 31. Kd2 g5 32. hxg5+ hxg5 33. Ke3 Ke5 34.
c4 Be6 35. Bxe6 fxe6 36. b4 axb4 37. axb4 Ra8 38. c3 Rb8 39. Kf3 Kf5 40. Rc6 g4+
41. Ke3 Ke5 42. Kd3 Rf8 43. Rxb6 Rf3+ 44. Kc2 Rxg3 45. b5 Rf3 46. Rb8 Rf7 47.
Kd2 Kf4 48. Ke2 g3 49. Rd8 Rg7 50. Kf1 e5 51. Rxd6 g2+ 52. Kg1 e4 53. b6 e3 54.
Re6 Kf3 55. Rf6+ Kg3 56. Re6 Kf3 57. Rf6+ Kg3 58. Re6 Kf3 59. Rf6+ Kg3 1/2-1/2

[Event "Prague International Open"]
[Site "Prague CZE"]
[Date "2022.06.11"]
[Round "3.1"]
[White "Vojta, Jakub"]
[Black "Motylev, Alexander"]
[Result "0-1"]
[WhiteTitle "FM"]
[BlackTitle "GM"]
[WhiteElo "2368"]
[BlackElo "2619"]
[WhiteFideId "382515"]
[BlackFideId "4121830"]
[EventDate "2022.06.10"]

1. c4 e6 2. g3 d5 3. Bg2 Nf6 4. Nf3 Be7 5. O-O O-O 6. b3 d4 7. e3 Nc6 8. Bb2 e5
9. exd4 exd4 10. d3 Bf5 11. Na3 Nb4 12. Ne1 c5 13. Bxb7 Rb8 14. Bg2 Qd7 15. Nac2
Nc6 16. Nf3 h6 17. Re1 Bd6 18. Ba3 a5 19. Qd2 Rfc8 20. Nh4 Bh7 21. f4 a4 22.
bxa4 Qa7 23. a5 Bc7 24. Qe2 Bxa5 25. Red1 Bc3 26. Rab1 Nb4 27. Nxb4 cxb4 28. Bc1
Rxc4 29. f5 Rc5 30. a3 Re8 31. Qa2 Bxf5 32. Nxf5 Rxf5 33. Qb3 Re2 34. axb4 Rff2
35. Bc6 Qe7 36. Bf4 Rxf4 0-1

[Event "Prague International Open"]
[Site "Prague CZE"]
[Date "2022.06.11"]
[Round "3.2"]
[White "Nemec, Jachym"]
[Black "Huzman, Alexander"]
[Result "1/2-1/2"]
[WhiteTitle "FM"]
[BlackTitle "GM"]
[WhiteElo "2363"]
[BlackElo "2539"]
[WhiteFideId "23716525"]
[BlackFideId "2803828"]
[EventDate "2022.06.10"]

1. d4 d5 2. c4 c6 3. Nf3 Nf6 4. Qb3 dxc4 5. Qxc4 Bf5 6. g3 e6 7. Bg2 Nbd7 8. O-O
Be7 9. e3 O-O 10. Qe2 h6 11. Rd1 Qa5 12. Nc3 Ne4 13. Bd2 Nxd2 14. Nxd2 Bg6 15.
Bf3 Qc7 16. Nc4 Nb6 17. Ne5 Bh7 18. Rac1 Bf6 19. Ng4 Be7 20. Ne5 Bf6 21. Ng4 Be7
22. Ne5 1/2-1/2